Guess the WWE Superstar #2 - Statistics

General Stats
  • This quiz has been taken 189 times
  • The average score is 23 of 44
Answer Stats
Hint Answer % Correct
Rated 'R' Superstar Edge
84%
Bad News Wade Barrett
83%
RKO 'Outta Knowhere' Randal Keith Orton
80%
Awesome! The Miz
77%
Backstabbed 'The Shield' Seth Rollins
75%
World's Largest Athlete Big Show
72%
RVD Rob Van Dam
72%
Twisted Bliss Alexa Bliss
71%
The Animal Batista
68%
Glamazon Beth Phoenix
67%
Straight Edge CM Punk
67%
Woo Woo Woo Zack Ryder
67%
End of Days Baron Corbin
66%
Sumo Champion Yokozuna
64%
The Champ that Runs the Camp AJ Styles
62%
Heluva Kick Sami Zayn
62%
Million Dollar Man Ted Dibiase
62%
Monster Among Men Braun Strowman
61%
Lil' Jimmy R-Truth
61%
The Queen Charlotte Flair
60%
First Ever Universal Champion Finn Balór
59%
^Bestfriend of the Above^ Christian
57%
Air Bourne Evan Bourne
57%
Cobra Santino Marella
55%
'Lucha Lucha' Kalisto
54%
^Wife of the Above' Maryse
54%
Gore!!! Rhyno
54%
Spits Apples Carlito
53%
Funkasaurus Brodus Clay
52%
^Dad of the Above^ 'Cowboy' Bob Orton
48%
World's Toughest Vegan Daniel Bryan
47%
Longest Reigning Divas Champion Nikki Bella
47%
Unbeaten in 173 Matches Goldberg
44%
2nd Royal Rumble Winner Big John Studd
41%
^Wife of the Above^ Brie Bella
39%
Crossface Chicken Wing Bob Backlund
30%
SAWFT Enzo Amore & Big Cass
29%
Funkadactyls Cameron & Naomi
28%
^Girlfriend of the Above^ Alicia Fox
26%
G.O.A.T Chris Jericho
24%
First Ever United Kingdom Champion Tyler Bate
23%
I > U Damien Sandow
11%
'People Power' John Laurinitus
5%
'Excuse Me!!' Vikkie Guerrero
1%
No matching quizzes found
Score Distribution
Percent of People with Each Score
Percentile by Number Answered
Your Score History
You have not taken this quiz